Statistics for Top Hip-Hop/Rap Song of 2019

Click here to take the quiz!

General Stats

  • This quiz has been taken 41 times
  • The average score is 9 of 20

Answer Stats

#AnswerArtist% Correct
19RansomLil Tecca
89%
4Racks In The MiddleNipsey Hussle / Roddy Rich
75%
1SugeDaBaby
75%
2Middle ChildJ. Cole
69%
17Shotta FlowNLE Choppa
69%
11Pop OutPolo G / Lil TJay
67%
3The LondonYoung Thug / J.Cole & Travis Scott
67%
13Highest In The RoomTravis Scott
64%
20CloutOffset / Cardi B.
61%
5EarfquakeTyler, The Creator / Playboi Carti
56%
6HotYoung Thug / Gunna
53%
15Money In The GraveDrake & Rick Ross
50%
9RickyDenzel Curry
44%
10Truth HurtsLizzo
36%
8Cash ShitMegan Thee Stallion / DaBaby
28%
12Costa RicaDreamville
25%
7Crime PaysFreddie Gibbs /Madlib
8%
14Family and LoyaltyGang Starr / J. Cole
3%
16IbtihajRapsody / D'Angelo & GZA
3%
18CleoRapsody
0%

Score Distribution

Percentile by Number Answered

Percent of People with Each Score

Your Score History

You have not taken this quiz